Contribución a la crítica de la economía política / (Registro nro. 4367)
[ vista simple ]
| 000 -LEADER | |
|---|---|
| fixed length control field | 00932nam a2200253Ia 4500 |
| 003 - CONTROL NUMBER IDENTIFIER | |
| control field | OSt |
| 005 - DATE AND TIME OF LATEST TRANSACTION | |
| control field | 20200605134728.0 |
| 008 - FIXED-LENGTH DATA ELEMENTS--GENERAL INFORMATION | |
| fixed length control field | 191128s1968 ck gr 000 0 spa d |
| 040 ## - CATALOGING SOURCE | |
| Original cataloging agency | CO-JMCR |
| Transcribing agency | CO-JMCR |
| 041 1# - LANGUAGE CODE | |
| Language code of text/sound track or separate title | spa |
| Language code of original | da |
| 082 04 - DEWEY DECIMAL CLASSIFICATION NUMBER | |
| Classification number | 330.1 / |
| Item number | M392c |
| Edition number | 23 |
| 100 1# - MAIN ENTRY--PERSONAL NAME | |
| Personal name | Marx, Karl, |
| Relator term | autor |
| 9 (RLIN) | 5025 |
| 245 10 - TITLE STATEMENT | |
| Title | Contribución a la crítica de la economía política / |
| Statement of responsibility, etc. | Karl Marx ; traducido por Moises Melo |
| 260 ## - PUBLICATION, DISTRIBUTION, ETC. | |
| Place of publication, distribution, etc. | Medellín : |
| Name of publisher, distributor, etc. | Oveja Negra, |
| Date of publication, distribution, etc. | 1968 |
| 300 ## - PHYSICAL DESCRIPTION | |
| Extent | 227 páginas |
| Dimensions | 19 cm. |
| 490 0# - SERIES STATEMENT | |
| Series statement | Serie naranja ; |
| Volume/sequential designation | 1 |
| 520 ## - SUMMARY, ETC. | |
| Summary, etc. | La contribución a la crítica de la economía política, que inicia nuestra serie naranja, señala el comienzo de la madurez del pensamiento de Marx. |
| 534 ## - ORIGINAL VERSION NOTE | |
| Introductory phrase | Zur kritik der politischen oekonomie |
| 546 ## - LANGUAGE NOTE | |
| Language note | Traducido del alemán |
| 650 14 - SUBJECT ADDED ENTRY--TOPICAL TERM | |
| Topical term or geographic name entry element | Capital Economía |
| 9 (RLIN) | 5026 |
| 650 24 - SUBJECT ADDED ENTRY--TOPICAL TERM | |
| Topical term or geographic name entry element | Teoría económica |
| 9 (RLIN) | 5027 |
| 700 1# - ADDED ENTRY--PERSONAL NAME | |
| Personal name | Melo, Moises, |
| Relator term | traductor |
| 9 (RLIN) | 5028 |
| 942 ## - ADDED ENTRY ELEMENTS (KOHA) | |
| Source of classification or shelving scheme | Dewey Decimal Classification |
| Koha item type | Books |
| Withdrawn status | Lost status | Source of classification or shelving scheme | Materials specified (bound volume or other part) | Damaged status | Not for loan | Home library | Current library | Shelving location | Date acquired | Source of acquisition | Cost, normal purchase price | Full call number | Barcode | Date last seen | Copy number | Price effective from | Koha item type |
|---|---|---|---|---|---|---|---|---|---|---|---|---|---|---|---|---|---|
| Dewey Decimal Classification | Donación--15/10/2018-- | Biblioteca Pública José María del Castillo y Rada | Biblioteca Pública José María del Castillo y Rada | General Stacks | 11/28/2019 | Donación | 0.00 | 330.1 / M392c | 201811401 | 05/16/2024 | Ej.1 | 11/28/2019 | Books |